[Event "Baltic Queen"]
[Site "St Petersburg RUS"]
[Date "2009.08.11"]
[Round "1"]
[White "Bodnaruk,A"]
[Black "Peng Zhaoqin"]
[Result "1-0"]
[WhiteElo "2388"]
[BlackElo "2418"]
[EventDate "2009.08.11"]

1. e4 e6 2. d4 d5 3. Nc3 Nf6 4. e5 Nfd7 5. f4 c5 6. Nf3 Nc6 7. Be3 Be7 8.
Qd2 O-O 9. Be2 a6 10. O-O b5 11. a3 Qc7 12. Nd1 cxd4 13. Nxd4 Nxd4 14. Bxd4
f6 15. exf6 Nxf6 16. Nc3 Bd7 17. Bf3 Rac8 18. Rfe1 Bd6 19. g3 Bc5 20. Ne2
Bd6 21. c3 Rce8 22. Nc1 e5 23. fxe5 Bxe5 24. Nd3 Bxd4+ 25. cxd4 Ne4 26.
Bxe4 dxe4 27. Nc5 Bh3 28. Nxe4 h6 29. Nf2 Be6 30. d5 Qd6 31. Rad1 Bf7 32.
Ne4 Qg6 33. Qd4 Rc8 34. d6 Rc4 35. Qd3 Be6 36. b3 Rc6 37. b4 Bc4 38. Qd4
Rd8 39. Qe5 Bb3 40. Rd2 Kh7 41. Nf6+ Kh8 42. Qe8+ Rxe8 43. Rxe8+ Qxe8 44.
Nxe8 Rc8 45. Nc7 Kg8 46. d7 Rd8 47. Nxa6 Be6 48. Nc5 Bh3 49. Rd4 h5 50. Kf2
Kf7 51. Ke3 Kf6 52. Rd5 g6 53. Kf4 Ke7 54. Ke5 g5 55. Rd6 Rh8 56. Rb6 Ra8
57. Rxb5 Rxa3 58. Rb8 Bxd7 59. Rb7 Re3+ 60. Kd4 Re2 61. Rxd7+ Ke8 62. Rg7
Rxh2 63. Rxg5 h4 64. gxh4 Rxh4+ 65. Kc3 Kd8 66. Rg7 Kc8 67. b5 1-0

[Event "Baltic Queen"]
[Site "St Petersburg RUS"]
[Date "2009.08.11"]
[Round "1"]
[White "Paehtz,E"]
[Black "Demina,J"]
[Result "1/2-1/2"]
[WhiteElo "2474"]
[BlackElo "2378"]
[EventDate "2009.08.11"]

1. e4 c6 2. Nc3 d5 3. d3 g6 4. g3 Bg7 5. Bg2 dxe4 6. Nxe4 Nf6 7. Qe2 O-O 8.
Nxf6+ Bxf6 9. Nf3 Bf5 10. O-O Qc8 11. Re1 Re8 12. Ne5 Bh3 13. Bh1 Nd7 14.
Ng4 Bxg4 15. Qxg4 Nb6 16. Qe2 Qd7 17. Bf3 Rad8 18. h4 h5 19. Kg2 Kg7 20. a4
Nc8 21. a5 a6 22. Ra4 Rh8 23. Rb4 Nd6 24. c3 Nf5 25. Bf4 Rhe8 26. d4 Qc8
27. Qc2 e6 28. Ra4 Re7 29. Qe2 Rdd7 30. Raa1 Qd8 31. Be4 Nd6 32. Bc2 Re8
33. Red1 Rh8 34. Be5 Qe7 35. Re1 Bxe5 36. Qxe5+ Qf6 37. Qxf6+ Kxf6 38. Re5
Nf5 39. Bxf5 gxf5 40. Ra4 Rc8 41. Rb4 Rcc7 42. Kf3 Ke7 43. Ra4 1/2-1/2

[Event "Baltic Queen"]
[Site "St Petersburg RUS"]
[Date "2009.08.11"]
[Round "1"]
[White "Zhukova,N"]
[Black "Turova,I"]
[Result "1/2-1/2"]
[WhiteElo "2465"]
[BlackElo "2387"]
[EventDate "2009.08.11"]

1. d4 Nf6 2. Nf3 e6 3. c4 d5 4. Nc3 dxc4 5. e3 a6 6. Bxc4 b5 7. Bd3 Bb7 8.
e4 b4 9. e5 bxc3 10. exf6 Bb4 11. Qa4+ Nc6 12. fxg7 Rg8 13. O-O Qd5 1/2-1/2

[Event "Baltic Queen"]
[Site "St Petersburg RUS"]
[Date "2009.08.12"]
[Round "2"]
[White "Cmilyte,V"]
[Black "Arakhamia,K"]
[Result "1-0"]
[WhiteElo "2470"]
[BlackElo "2506"]
[EventDate "2009.08.11"]

1. d4 Nf6 2. c4 g6 3. g3 Bg7 4. Bg2 O-O 5. Nc3 d6 6. Nf3 Nc6 7. O-O a6 8.
h3 Bd7 9. e4 e5 10. dxe5 dxe5 11. Be3 Be6 12. b3 Qc8 13. Kh2 Rd8 14. Qc1 a5
15. Ng5 Nd4 16. f4 Nh5 17. Bxd4 Rxd4 18. f5 gxf5 19. exf5 Bd7 20. Bd5 Rxd5
21. Nxd5 Qd8 22. Ne4 c6 23. Ndc3 Nf6 24. Nxf6+ Bxf6 25. Ne4 Be7 26. f6 Bf8
27. Qg5+ Kh8 28. Rad1 Qe8 29. Qh5 h6 30. Nd6 Qe6 31. Nxf7+ 1-0

[Event "Baltic Queen"]
[Site "St Petersburg RUS"]
[Date "2009.08.12"]
[Round "2"]
[White "Peng Zhaoqin"]
[Black "Cramling,P"]
[Result "0-1"]
[WhiteElo "2418"]
[BlackElo "2525"]
[EventDate "2009.08.11"]

1. d4 Nf6 2. Nf3 e6 3. c4 b6 4. g3 Bb4+ 5. Bd2 a5 6. Bg2 Bb7 7. Nc3 O-O 8.
O-O d6 9. Qc2 Bxc3 10. Bxc3 Be4 11. Qd2 Nbd7 12. Rfd1 Qb8 13. Bh3 h6 14. d5
e5 15. Nh4 b5 16. cxb5 Qxb5 17. a4 Qb6 18. Nf5 Rfe8 19. Ne3 Qa6 20. Bxd7
Nxd7 21. b4 axb4 22. Bxb4 Reb8 23. Qc3 Qxe2 0-1

[Event "Baltic Queen"]
[Site "St Petersburg RUS"]
[Date "2009.08.12"]
[Round "2"]
[White "Demina,J"]
[Black "Zhukova,N"]
[Result "1/2-1/2"]
[WhiteElo "2378"]
[BlackElo "2465"]
[EventDate "2009.08.11"]

1. d4 Nf6 2. c4 e6 3. Nc3 Bb4 4. e3 c5 5. Nge2 cxd4 6. exd4 d5 7. a3 Be7 8.
cxd5 Nxd5 9. Nxd5 Qxd5 10. Nc3 Qa5 11. Bb5+ Bd7 12. Bxd7+ Nxd7 13. d5 exd5
14. Qxd5 Qa6 15. Be3 Rd8 16. Qb5 Qxb5 17. Nxb5 a6 18. Nc7+ Kf8 19. Nd5 Bd6
20. O-O-O f6 21. Rd2 Kf7 22. Rhd1 Ne5 23. Rc2 Bb8 24. h3 1/2-1/2

[Event "Baltic Queen"]
[Site "St Petersburg RUS"]
[Date "2009.08.12"]
[Round "2"]
[White "Turova,I"]
[Black "Atalik,E"]
[Result "1/2-1/2"]
[WhiteElo "2387"]
[BlackElo "2434"]
[EventDate "2009.08.11"]

1. d4 Nf6 2. c4 e6 3. Nc3 Bb4 4. Qc2 c5 5. dxc5 O-O 6. Nf3 Na6 7. Bd2 Nxc5
8. a3 Bxc3 9. Bxc3 Nce4 10. Bxf6 Nxf6 11. e3 b6 12. Be2 Bb7 13. O-O d5 14.
cxd5 Bxd5 1/2-1/2

[Event "Baltic Queen"]
[Site "St Petersburg RUS"]
[Date "2009.08.12"]
[Round "2"]
[White "Bodnaruk,A"]
[Black "Paehtz,E"]
[Result "0-1"]
[WhiteElo "2388"]
[BlackElo "2474"]
[EventDate "2009.08.11"]

1. e4 e6 2. d4 d5 3. Nc3 Bb4 4. e5 c5 5. a3 Bxc3+ 6. bxc3 Nc6 7. Nf3 Qa5 8.
Qd2 c4 9. a4 Bd7 10. Be2 O-O-O 11. Ba3 f6 12. Bb4 Nxb4 13. cxb4 Qc7 14. b5
Be8 15. O-O Qe7 16. Rfe1 f5 17. Reb1 Bh5 18. Kf1 Bxf3 19. Bxf3 Nh6 20. Be2
g5 21. f4 Rhg8 22. g3 gxf4 23. Qxf4 Nf7 24. Bf3 Ng5 25. Bg2 Rdf8 26. Kg1 h5
27. Rf1 Ne4 28. Bxe4 dxe4 29. Qe3 h4 30. Rf4 hxg3 31. hxg3 Kb8 32. Kg2 Rh8
33. Qa3 Qf7 34. Raf1 Rfg8 35. Rg1 Qh5 36. Kf2 Qg6 37. Rg2 Rd8 38. c3 Qg5
39. Qa1 Rh3 40. Qc1 Rg8 41. Qe3 Rh1 42. Qe2 Qh6 43. Ke3 Rc1 44. Qd2 Qh1 45.
Rff2 Re1+ 46. Re2 f4+ 47. gxf4 Qh3+ 0-1

[Event "Baltic Queen"]
[Site "St Petersburg RUS"]
[Date "2009.08.13"]
[Round "3"]
[White "Arakhamia,K"]
[Black "Turova,I"]
[Result "1-0"]
[WhiteElo "2506"]
[BlackElo "2387"]
[EventDate "2009.08.11"]

1. e4 e5 2. Nf3 Nf6 3. Nxe5 d6 4. Nf3 Nxe4 5. Nc3 Nxc3 6. dxc3 Be7 7. Be3
Nc6 8. Qd2 Be6 9. O-O-O Qd7 10. Kb1 a6 11. h3 O-O-O 12. Ng5 Bxg5 13. Bxg5
f6 14. Be3 Ne7 15. f3 h5 16. b3 h4 17. Bf2 Bf5 18. Bc4 Nc6 19. Rhe1 g5 20.
Bf1 Rde8 21. c4 Rxe1 22. Qxe1 a5 23. a3 Qe7 24. Qc3 b6 25. Re1 Ne5 26. Kb2
Kb7 27. Qd2 Qf7 28. f4 gxf4 29. Qxf4 Qh7 30. Rc1 Qh5 31. b4 axb4 32. axb4
Ra8 33. b5 Qg5 34. g3 hxg3 35. Bg2+ c6 36. Bxc6+ Nxc6 37. Qxd6 gxf2 38.
Qxc6+ Kb8 39. Qxb6+ Kc8 40. Qc6+ Kb8 41. Rd1 Qg8 42. Qb6+ Kc8 43. Qc5+ Kb7
44. Rd6 Ra2+ 45. Kxa2 Qa8+ 46. Ra6 1-0

[Event "Baltic Queen"]
[Site "St Petersburg RUS"]
[Date "2009.08.13"]
[Round "3"]
[White "Cramling,P"]
[Black "Cmilyte,V"]
[Result "1-0"]
[WhiteElo "2525"]
[BlackElo "2470"]
[EventDate "2009.08.11"]

1. d4 Nf6 2. Nf3 g6 3. c4 Bg7 4. Nc3 d5 5. e3 O-O 6. b4 c6 7. Bb2 Bf5 8.
Rc1 Nbd7 9. Be2 Ne4 10. O-O Nxc3 11. Bxc3 dxc4 12. Bxc4 Nb6 13. Bb3 Nd5 14.
Bd2 Qd6 15. a3 Rad8 16. Qe2 Bg4 17. h3 Bxf3 18. Qxf3 e5 19. dxe5 Qxe5 20.
Rc2 Nf6 21. Bc3 Qe4 22. b5 Qxf3 23. gxf3 Nd7 24. bxc6 bxc6 25. f4 Rc8 26.
Bxg7 Kxg7 27. Ba4 Nb6 28. Bxc6 Rfd8 29. Rfc1 Rd3 30. a4 Ra3 31. Rd1 Rc7 32.
Rd4 f5 33. Kg2 Kf6 34. Kg3 Ra1 35. Kh2 Ke7 36. Kg2 Rc8 37. Rc5 Rc7 38. a5
Nd7 39. Rcd5 Nf6 40. Re5+ Kf7 41. Rd6 Kg7 42. Bf3 Ra2 43. a6 Rb2 44. Ree6
Ng8 45. Rc6 Rd7 46. Red6 Re7 47. Rd3 Nf6 48. Rdc3 Ne8 49. Rc8 Ra2 50. Bb7
Kh6 51. R8c6 Rd7 52. Rc2 Ra1 53. Rc1 Ra2 54. R6c2 Ra5 55. Rc5 Ra2 56. R1c2
Ra1 57. Bc6 Rd8 58. Bb5 Rb8 59. Rd5 Nf6 60. Re5 Ne4 61. Bd3 Ra3 62. Bxe4
fxe4 63. Rxe4 Rxa6 64. Re7 g5 65. fxg5+ Kxg5 66. Rxh7 Rg8 67. f4+ Kf5+ 68.
Kf3 Ra3 69. Rh6 1-0

[Event "Baltic Queen"]
[Site "St Petersburg RUS"]
[Date "2009.08.13"]
[Round "3"]
[White "Zhukova,N"]
[Black "Bodnaruk,A"]
[Result "1/2-1/2"]
[WhiteElo "2465"]
[BlackElo "2388"]
[EventDate "2009.08.11"]

1. d4 Nf6 2. c4 g6 3. g3 Bg7 4. Bg2 O-O 5. Nc3 d6 6. Nf3 Nc6 7. O-O a6 8.
h3 Bd7 9. e4 e5 10. dxe5 dxe5 11. Be3 Qc8 12. Kh2 h6 13. Qc1 g5 14. Ne1 Re8
15. Nd3 Be6 16. Nd5 Nd7 17. f4 exf4 18. gxf4 f6 19. e5 f5 20. fxg5 Ncxe5
21. Nxe5 Bxe5+ 22. Bf4 Bxd5 23. Bxd5+ Kh8 24. g6 Kg7 25. Kh1 Bxf4 26. Qxf4
Nf6 27. Rae1 c6 28. Rxe8 Qxe8 29. Qxf5 Qe7 30. Bg2 Rd8 31. b4 Rd4 32. b5
Rxc4 33. bxa6 bxa6 34. Qd3 Rc5 35. Qxa6 Kxg6 36. Qd3+ Kg7 37. Qd4 Qe5 38.
Qxe5 Rxe5 39. Bxc6 Rc5 40. Ba4 Ne4 41. Rg1+ Kf6 42. Rg2 Rc1+ 43. Kh2 Ke5
44. Bc2 Nc3 45. Bb3 Kf4 46. Rf2+ Ke3 47. Kg2 Ne2 48. Rf3+ Ke4 49. Rf6 Nf4+
50. Kf2 Nxh3+ 51. Kg3 Ng5 52. Rxh6 Rg1+ 53. Kf2 Ra1 54. Rh4+ Ke5 55. Ke3
Rg1 56. Kd3 Rg3+ 57. Kc4 Ne4 58. Kb4 Rg5 59. Bc2 Nf6 60. a4 Rg2 61. Bb3 Kd6
62. Rh6 Rf2 63. Kb5 Kc7 64. a5 Kb7 65. Rg6 Rf5+ 66. Ka4 Rf4+ 67. Kb5 Rf5+
68. Kb4 Nd5+ 69. Kc4 Ne3+ 70. Kd4 Rxa5 71. Rg7+ Kb6 72. Kxe3 Ra3 73. Ke4
1/2-1/2

[Event "Baltic Queen"]
[Site "St Petersburg RUS"]
[Date "2009.08.13"]
[Round "3"]
[White "Atalik,E"]
[Black "Demina,J"]
[Result "1-0"]
[WhiteElo "2434"]
[BlackElo "2378"]
[EventDate "2009.08.11"]

1. d4 d5 2. c4 c6 3. e3 Bf5 4. cxd5 Bxb1 5. Rxb1 cxd5 6. Qb3 Qd7 7. Nf3 f6
8. Bd3 Nc6 9. e4 e6 10. O-O Nb4 11. exd5 exd5 12. Re1+ Kf7 13. Bf1 Re8 14.
Bd2 Rxe1 15. Nxe1 Nc6 16. Bc3 g5 17. g3 h5 18. Bg2 Nge7 19. Nd3 b6 20. Re1
Bh6 21. Nb4 Rd8 22. Nxc6 Nxc6 23. Qd1 g4 24. f3 Re8 25. Rxe8 Kxe8 26. fxg4
hxg4 27. h3 f5 28. Qe2+ Kd8 29. Kh2 Kc7 30. a4 a5 31. Qd3 Ne7 32. b4 axb4
33. Bxb4 Nc6 34. Bc3 Bg7 35. Qe3 Bf8 36. Qg5 Bg7 37. hxg4 fxg4 38. Bxd5 Ne7
39. Bg2 Nc8 40. Qf4+ Nd6 41. a5 bxa5 42. Bxa5+ Kc8 43. Bb6 Qe6 44. Bc5 Nb7
45. Bf8 Bxf8 46. Qxf8+ Nd8 47. d5 Qg6 48. Qc5+ Kd7 49. Qa7+ Ke8 50. Qe3+
Kd7 51. Be4 Qf6 52. Qf4 Qb2+ 53. Bg2 Qe2 54. Qf5+ Kc7 55. Qh7+ Kd6 56. Qg6+
Kd7 57. Qf6 Kc7 58. Qc3+ Kd7 59. Qb4 Kc7 60. Qc5+ Kd7 61. d6 Ke8 62. Qc7
Qe6 63. Bc6+ Nxc6 64. Qxc6+ Qd7 65. Qe4+ Kf8 66. Qf4+ Ke8 67. Qe5+ Kf7 68.
Qf4+ Ke8 69. Qe5+ Kf7 70. Kg2 Qc6+ 71. Kf2 Qc2+ 72. Ke3 Qb3+ 73. Kf4 Qc4+
74. Kg5 Qc6 75. Kxg4 Kg6 76. Qf5+ Kg7 77. d7 Qc4+ 78. Kh3 1-0

[Event "Baltic Queen"]
[Site "St Petersburg RUS"]
[Date "2009.08.13"]
[Round "3"]
[White "Paehtz,E"]
[Black "Peng Zhaoqin"]
[Result "1/2-1/2"]
[WhiteElo "2474"]
[BlackElo "2418"]
[EventDate "2009.08.11"]

1. e4 c5 2. Nf3 Nc6 3. c3 e6 4. d4 d5 5. exd5 exd5 6. Bb5 Bd6 7. dxc5 Bxc5
8. O-O Nge7 9. Nbd2 O-O 10. Nb3 Bd6 11. Bd3 h6 12. h3 Bf5 13. Be3 Re8 14.
Re1 Be4 15. Nc5 Bxc5 16. Bxc5 Ng6 17. Bf1 Qf6 18. Nh2 Nf4 19. Be3 Red8 20.
Ng4 Qd6 21. Qd2 Ne6 22. f3 Bf5 23. Rad1 h5 24. Nf2 Qg3 25. Nh1 Qg6 26. Qf2
Bxh3 27. Qh4 Bf5 28. Ng3 d4 29. Bf2 dxc3 30. bxc3 Bc2 31. Rxd8+ Rxd8 32.
Nxh5 Bd3 33. Rxe6 Qxe6 34. Nf4 Qf5 35. Nxd3 Rxd3 36. Bxd3 Qxd3 37. Qg4
1/2-1/2

[Event "Baltic Queen"]
[Site "St Petersburg RUS"]
[Date "2009.08.14"]
[Round "4"]
[White "Bodnaruk,A"]
[Black "Atalik,E"]
[Result "1/2-1/2"]
[WhiteElo "2388"]
[BlackElo "2434"]
[EventDate "2009.08.11"]

1. e4 e5 2. Bc4 Nf6 3. d3 c6 4. Nf3 d5 5. Bb3 Bd6 6. Nc3 dxe4 7. Ng5 O-O 8.
Ngxe4 Na6 9. O-O Nxe4 10. Nxe4 Nc5 11. Nxc5 Bxc5 12. Qh5 Qf6 13. Be3 Bd6
14. Rae1 Bd7 15. Bd2 Rae8 16. Bc3 Qg6 17. Qxg6 1/2-1/2

[Event "Baltic Queen"]
[Site "St Petersburg RUS"]
[Date "2009.08.14"]
[Round "4"]
[White "Turova,I"]
[Black "Cramling,P"]
[Result "1/2-1/2"]
[WhiteElo "2387"]
[BlackElo "2525"]
[EventDate "2009.08.11"]

1. d4 Nf6 2. c4 e6 3. Nc3 Bb4 4. Qc2 c5 5. dxc5 O-O 6. a3 Bxc5 7. Nf3 b6 8.
Bf4 Bb7 9. Rd1 Nc6 10. b4 Nh5 11. Bc1 Be7 12. e4 d6 13. Be2 Qb8 14. O-O Nf6
15. Bf4 Rd8 16. Rd2 Nd7 17. Rfd1 Nde5 18. h3 Nxf3+ 19. Bxf3 Ne5 20. Be2 Ng6
21. Be3 Bc6 22. Nb5 a6 23. Nd4 Be8 24. f4 Qc7 25. f5 Nf8 26. Qb3 e5 27. Nf3
1/2-1/2

[Event "Baltic Queen"]
[Site "St Petersburg RUS"]
[Date "2009.08.14"]
[Round "4"]
[White "Peng Zhaoqin"]
[Black "Cmilyte,V"]
[Result "0-1"]
[WhiteElo "2418"]
[BlackElo "2470"]
[EventDate "2009.08.11"]

1. d4 f5 2. c4 Nf6 3. Nf3 e6 4. g3 d5 5. Bg2 c6 6. O-O Bd6 7. b3 Qe7 8. Bb2
b6 9. Qc1 Bb7 10. Ba3 Bxa3 11. Qxa3 Qxa3 12. Nxa3 Nbd7 13. Rac1 Ke7 14.
Rfd1 Rhc8 15. Ne1 a5 16. Nd3 Ba6 17. Nb1 Ne4 18. Nd2 b5 19. c5 b4 20. Nb1
Rcb8 21. f3 Nef6 22. e3 a4 23. Nf2 axb3 24. axb3 Be2 25. Re1 Ra2 26. e4
fxe4 27. fxe4 Rba8 28. exd5 Nxd5 29. Ne4 N7f6 30. Nbd2 Nxe4 31. Nxe4 Ne3
32. Bh1 Nf5 33. d5 cxd5 34. Ng5 Nd4 35. c6 h6 36. c7 Rc8 37. Nxe6 Kxe6 38.
Rc5 Kf6 39. Bxd5 Nf3+ 40. Bxf3 Bxf3 41. Re3 Bb7 42. h4 Kg6 0-1

[Event "Baltic Queen"]
[Site "St Petersburg RUS"]
[Date "2009.08.15"]
[Round "5"]
[White "Cramling,P"]
[Black "Demina,J"]
[Result "1-0"]
[WhiteElo "2525"]
[BlackElo "2378"]
[EventDate "2009.08.11"]

1. d4 d5 2. Nf3 c6 3. c4 dxc4 4. e3 Be6 5. Qc2 Nd7 6. Bxc4 Bxc4 7. Qxc4 e6
8. O-O Ngf6 9. Nc3 Be7 10. e4 O-O 11. Bf4 Rc8 12. Rfd1 h6 13. h3 a5 14. Qe2
Re8 15. Rac1 Qb6 16. Rc2 Bf8 17. Rdc1 Ra8 18. Be3 Qa6 19. Qxa6 Rxa6 20. a3
Rd8 21. Kf1 Be7 22. Ke2 Kf8 23. g4 Ne8 24. Nd2 e5 25. Nf3 exd4 26. Nxd4 Nd6
27. Rd1 Nc4 28. Bc1 a4 29. Nf5 b5 30. Na2 Nde5 31. Rxd8+ Bxd8 32. f4 Nd7
33. Nb4 Rb6 34. Ne3 Na5 35. Bd2 c5 36. Nbd5 Rb7 37. Nf5 Nc4 38. Bc3 f6 39.
h4 Ndb6 40. Nxb6 Bxb6 41. h5 Bc7 42. Nh4 Ke8 43. Ng6 Bd8 44. e5 fxe5 45.
Nxe5 Nd6 46. Nd3 Bb6 47. Kf3 Re7 48. Ne5 c4 49. Rd2 Bc5 50. Rd5 Rc7 51. Ng6
Nb7 52. f5 Rf7 53. Nf4 Rd7 54. Rxd7 Kxd7 55. Bxg7 Nd6 56. Ne6 Bb6 57. Bc3
Nf7 58. Ke4 Kc6 59. f6 Nd6+ 60. Ke5 Bf2 61. Nd8+ Kd7 62. f7 Bg3+ 63. Kd5
1-0

[Event "Baltic Queen"]
[Site "St Petersburg RUS"]
[Date "2009.08.15"]
[Round "5"]
[White "Cmilyte,V"]
[Black "Turova,I"]
[Result "1/2-1/2"]
[WhiteElo "2470"]
[BlackElo "2387"]
[EventDate "2009.08.11"]

1. Nf3 Nf6 2. c4 e6 3. d4 d5 4. Nc3 dxc4 5. e3 a6 6. a4 Bb4 7. Bxc4 b6 8.
O-O Bb7 9. Qe2 O-O 10. Rd1 Nbd7 11. Bd3 Qe7 12. Ne5 Nxe5 13. dxe5 Nd7 14.
f4 Nc5 15. Bc2 a5 16. Bd2 Ba6 17. Qg4 Bd3 18. Bxd3 Nxd3 19. Qe2 Rfd8 20.
Be1 Nxe1 21. Qxe1 Rxd1 1/2-1/2

[Event "Baltic Queen"]
[Site "St Petersburg RUS"]
[Date "2009.08.15"]
[Round "5"]
[White "Zhukova,N"]
[Black "Peng Zhaoqin"]
[Result "1/2-1/2"]
[WhiteElo "2465"]
[BlackElo "2418"]
[EventDate "2009.08.11"]

1. d4 d5 2. Nf3 c6 3. c4 Nf6 4. Nc3 dxc4 5. a4 a5 6. e4 Bg4 7. Bxc4 e6 8.
O-O Nbd7 9. Be3 Bb4 10. Bd3 h6 11. h3 Bh5 12. e5 Nd5 13. g4 Bg6 14. Bxg6
fxg6 15. Qd3 O-O 16. Nxd5 cxd5 17. Kg2 g5 18. Rac1 Rf7 19. Rc2 Qe7 20. Rfc1
Raf8 21. Ng1 Nb8 22. Ne2 Nc6 23. Ng3 Qe8 24. Nh5 Rf3 25. Qe2 R3f7 26. Qb5
Qe7 27. Qd3 Rf3 28. Qg6 Qf7 29. Qxf7+ R3xf7 30. Ng3 Ra8 31. Ne2 Raf8 32.
Nc3 Rd7 33. Nb5 Kf7 34. h4 gxh4 35. f4 g6 36. Kh3 h5 37. gxh5 gxh5 38. f5
Rg8 39. fxe6+ Kxe6 40. Rg1 Rxg1 41. Bxg1 Be1 42. Bf2 Bxf2 43. Rxf2 Rf7 44.
Rxf7 Kxf7 45. Kxh4 Kg6 46. Kh3 Kg5 47. Kg3 b6 48. Kh3 Ne7 49. Nc7 Nc6 50.
Nxd5 Nxd4 51. Nxb6 Nb3 52. Nc4 Kf5 53. Kh4 Nc5 54. Nxa5 Nxa4 55. b3 Nc5 56.
b4 Nd3 57. b5 Kxe5 58. Kxh5 1/2-1/2

[Event "Baltic Queen"]
[Site "St Petersburg RUS"]
[Date "2009.08.15"]
[Round "5"]
[White "Atalik,E"]
[Black "Paehtz,E"]
[Result "1-0"]
[WhiteElo "2434"]
[BlackElo "2474"]
[EventDate "2009.08.11"]

1. d4 d6 2. Nf3 Bg4 3. c4 Bxf3 4. exf3 g6 5. g3 Bg7 6. Bg2 c6 7. d5 Qa5+ 8.
Nd2 cxd5 9. f4 Nf6 10. O-O O-O 11. Nb3 Qa4 12. cxd5 Na6 13. Re1 Rfe8 14.
Be3 Nd7 15. Nd4 Qxd1 16. Raxd1 Nb6 17. b3 Nc7 18. Nc2 Rac8 19. Na3 Bc3 20.
Re2 Bb4 21. Nc2 Bc3 22. Na3 Bb4 23. Nc2 Bc3 24. a4 Ra8 25. Rd3 Bf6 26. Na3
Nd7 27. b4 a5 28. b5 Rab8 29. Nc4 b6 30. Bh3 Nc5 31. Bxc5 dxc5 32. Bd7 Red8
33. Bc6 Ne6 34. Rde3 Nd4 35. Rxe7 Bxe7 36. Rxe7 Nf5 37. Ra7 Nd6 38. Ne5 c4
39. Kf1 f6 40. Nd7 Ne4 41. d6 Rxd7 42. Rxd7 Nc5 43. Re7 c3 44. Ke2 Kf8 45.
Rxh7 Kg8 46. Rc7 Rd8 47. d7 Kf8 48. Rc8 Ke7 49. Rxd8 Kxd8 50. f5 gxf5 51.
h4 Nxa4 52. h5 c2 53. Kd2 Nc5 54. h6 c1=Q+ 55. Kxc1 Nd3+ 56. Kd2 Ne5 57. h7
Ng6 58. Kc3 Ke7 59. Kd4 Kd8 60. Kd5 Ke7 61. f3 f4 62. gxf4 Nh8 63. d8=Q+
Kxd8 64. Ke6 a4 65. Kxf6 a3 66. Bd5 1-0

[Event "Baltic Queen"]
[Site "St Petersburg RUS"]
[Date "2009.08.15"]
[Round "5"]
[White "Arakhamia,K"]
[Black "Bodnaruk,A"]
[Result "1-0"]
[WhiteElo "2506"]
[BlackElo "2388"]
[EventDate "2009.08.11"]

1. e4 c5 2. Nf3 d6 3. d4 Nf6 4. Nc3 cxd4 5. Nxd4 a6 6. Be3 e5 7. Nb3 Be6 8.
Qd2 Nbd7 9. O-O-O b5 10. f3 Be7 11. Nd5 Bxd5 12. exd5 Rc8 13. Qf2 O-O 14.
g4 Nc5 15. Kb1 Nfd7 16. h4 b4 17. g5 a5 18. Bb5 f5 19. f4 Ne4 20. Qh2 Qc7
21. Rhe1 Rfd8 22. Bc6 Rb8 23. Qe2 Ndc5 24. fxe5 Nxb3 25. exd6 Nbd2+ 26.
Bxd2 Bxd6 27. Qc4 a4 28. Rxe4 fxe4 29. Qxe4 a3 30. b3 Rf8 31. Be3 Kh8 32.
h5 Be5 33. h6 gxh6 34. gxh6 Rf6 35. d6 Bxd6 36. Bd4 Rbf8 37. Rf1 Be7 38.
Rxf6 Bxf6 39. Bxf6+ Kg8 40. Bd5+ 1-0

[Event "Baltic Queen"]
[Site "St Petersburg RUS"]
[Date "2009.08.17"]
[Round "6"]
[White "Zhukova,N"]
[Black "Atalik,E"]
[Result "1/2-1/2"]
[WhiteElo "2465"]
[BlackElo "2434"]
[EventDate "2009.08.11"]

1. d4 Nf6 2. c4 e6 3. Nf3 b6 4. a3 Ba6 5. e3 d5 6. Ne5 Bd6 7. Nc3 O-O 8. b4
c5 9. b5 Bb7 10. Be2 Qc7 11. f4 cxd4 12. exd4 dxc4 13. O-O Rd8 14. Qe1 Bf8
15. Bxc4 Rxd4 16. Bb3 Ne4 17. Ne2 Rd8 18. Ng3 Nxg3 19. Qxg3 Nd7 20. Nxf7
Bc5+ 21. Kh1 Kxf7 22. Bxe6+ Kf8 23. Bb2 Nf6 24. Bxf6 Rd2 25. Rf3 Bxf3 26.
Qxf3 Re8 27. Bc3 Rf2 28. Qg4 g6 29. f5 Qf4 30. Qxf4 Rxf4 31. Bd2 Rd4 32.
Bh6+ Ke7 33. Bg5+ Kd6 34. Be3 gxf5 35. Bxd4 Bxd4 36. Bf7 Re7 37. Rd1 Rxf7
38. Rxd4+ Kc5 39. Rb4 Re7 40. Kg1 Re3 41. Ra4 Re7 42. Rb4 1/2-1/2

[Event "Baltic Queen"]
[Site "St Petersburg RUS"]
[Date "2009.08.17"]
[Round "6"]
[White "Demina,J"]
[Black "Cmilyte,V"]
[Result "0-1"]
[WhiteElo "2378"]
[BlackElo "2470"]
[EventDate "2009.08.11"]

1. Nf3 c5 2. c4 g6 3. g3 b6 4. Bg2 Bb7 5. O-O Bg7 6. Nc3 Nf6 7. d4 cxd4 8.
Qxd4 d6 9. Rd1 Nbd7 10. e4 O-O 11. Qe3 Rc8 12. Qe2 Re8 13. h3 Qc7 14. Nd2
a6 15. Rb1 e6 16. f4 Nh5 17. Qf3 f5 18. Kh2 e5 19. Nd5 Bxd5 20. cxd5 exf4
21. gxf4 Nxf4 22. Bf1 fxe4 23. Qe3 Be5 24. Kh1 Nf6 25. Bxa6 Ra8 26. Bb5 Rf8
27. Rf1 N4h5 28. Rg1 Bf4 29. Qc3 Qe7 30. Nc4 e3 31. Qd3 Ne4 32. Bxe3 Qh4
33. Bxb6 Bg3 34. Bd7 Nf2+ 35. Bxf2 Rxf2 36. Be6+ Kg7 37. Rgf1 Rh2+ 38. Kg1
Nf4 39. Rxf4 Bxf4 40. Qc3+ Be5 0-1

[Event "Baltic Queen"]
[Site "St Petersburg RUS"]
[Date "2009.08.17"]
[Round "6"]
[White "Peng Zhaoqin"]
[Black "Turova,I"]
[Result "1/2-1/2"]
[WhiteElo "2418"]
[BlackElo "2387"]
[EventDate "2009.08.11"]

1. Nf3 Nf6 2. c4 e6 3. Nc3 d5 4. d4 dxc4 5. e4 Bb4 6. Bg5 c5 7. Bxc4 cxd4
8. Nxd4 Qa5 9. Bb5+ Bd7 10. Bxf6 Bxb5 11. Ndxb5 gxf6 12. O-O Nc6 13. a3
Bxc3 14. Nxc3 Rg8 15. Qf3 Qg5 16. Rad1 Ne5 17. Qh3 Qg4 18. Qxg4 Rxg4
1/2-1/2

[Event "Baltic Queen"]
[Site "St Petersburg RUS"]
[Date "2009.08.17"]
[Round "6"]
[White "Paehtz,E"]
[Black "Arakhamia,K"]
[Result "0-1"]
[WhiteElo "2474"]
[BlackElo "2506"]
[EventDate "2009.08.11"]

1. e4 c5 2. Nc3 Nc6 3. Bb5 g6 4. Bxc6 dxc6 5. d3 Nf6 6. Be3 b6 7. h3 Bg7 8.
Qd2 c4 9. Bh6 Bxh6 10. Qxh6 cxd3 11. O-O-O Ba6 12. Nf3 Qc7 13. cxd3 O-O-O
14. d4 b5 15. a3 Nd7 16. Kb1 Kb8 17. Rc1 Qd6 18. Rhe1 Ka8 19. d5 c5 20. e5
Qb8 21. e6 fxe6 22. Rxe6 Nb6 23. Ne5 b4 24. Nc6 Bd3+ 25. Ka1 Qb7 26. Rxe7
Rd7 27. Rxd7 Nxd7 28. Qg7 Rc8 29. Na5 Qc7 30. axb4 cxb4 31. Na2 Bc2 32. Nc6
b3 33. Ncb4 Qb7 34. Qd4 Nc5 35. Nc3 Qb6 36. Nb1 Rb8 37. Nc6 Nd3 38. Qxb6
Rxb6 39. Rf1 Nf4 40. Ne7 Nxg2 41. Na3 Nf4 42. Re1 Ra6 43. Nc6 Nxd5 44. Nd4
Nb4 45. Re8+ Kb7 46. Re7+ Kc8 47. Rxh7 Nd3 48. Rh8+ Kb7 49. Rh7+ Kb6 50.
Ndb5 Ra4 51. Nc3 Ra5 52. Rf7 Rg5 53. Nc4+ Kc6 54. Ne2 Bd1 55. Rf6+ Kc5 56.
Nd2 Re5 57. Nc3 Re1 58. Nde4+ Kb4 59. Nd5+ Ka5 0-1

[Event "Baltic Queen"]
[Site "St Petersburg RUS"]
[Date "2009.08.18"]
[Round "7"]
[White "Arakhamia,K"]
[Black "Zhukova,N"]
[Result "1-0"]
[WhiteElo "2506"]
[BlackElo "2465"]
[EventDate "2009.08.11"]

1. e4 e6 2. d4 d5 3. Nc3 Bb4 4. e5 Ne7 5. a3 Bxc3+ 6. bxc3 c5 7. a4 Qa5 8.
Bd2 Nbc6 9. Nf3 Bd7 10. Bb5 Qc7 11. O-O Na5 12. Bd3 Nc4 13. Bc1 cxd4 14.
cxd4 f5 15. exf6 gxf6 16. Re1 O-O-O 17. Nd2 Nf5 18. c3 Rhg8 19. Nf1 e5 20.
Ng3 Nxg3 21. hxg3 Bg4 22. Qc2 h5 23. dxe5 fxe5 24. Bxc4 dxc4 25. Qe4 Rd3
26. a5 a6 27. Ra4 Be6 28. Bf4 Rg4 29. Qxe5 Qxe5 30. Rxe5 Rg6 31. Rb4 Bd5
32. Rxh5 Rg7 33. Rb1 Re7 34. Re5 Rh7 35. Be3 Bc6 36. Bd4 Kd7 37. Rbe1 Rf7
38. Rh5 Rd2 39. Bb6 Rd3 40. Rh8 Kd6 41. Rh6+ Kd7 42. Rh4 Rf5 43. Rxc4 1-0

[Event "Baltic Queen"]
[Site "St Petersburg RUS"]
[Date "2009.08.18"]
[Round "7"]
[White "Turova,I"]
[Black "Demina,J"]
[Result "1/2-1/2"]
[WhiteElo "2387"]
[BlackElo "2378"]
[EventDate "2009.08.11"]

1. d4 d5 2. c4 c6 3. Nc3 dxc4 4. e4 b5 5. a4 b4 6. Na2 Nf6 7. e5 Nd5 8.
Bxc4 e6 9. Nf3 Ba6 10. Bxa6 Nxa6 11. O-O c5 12. Qe2 Qb6 13. Bd2 cxd4 14.
Nxd4 Nac7 15. Nb3 Be7 16. a5 Qb7 17. Nac1 O-O 18. Nd3 Rfd8 19. Ndc5 Qb5 20.
Qxb5 Nxb5 21. Ne4 Rac8 22. Rfc1 f6 23. exf6 1/2-1/2